000 00780nam a2200193Ii 4500
003 JO-AjNU
008 230605s9999||||xx |||||||||||||| ||und||
040 _aJO-AjNU
_bara
_erda
_cJO-AjNU
041 _aara
050 1 4 _aPJ6106.K4897 1900
100 3 _aتاليف الخويسكي،زين كامل,
_eauthor
_914157
245 0 0 _aالجملة الفعلية منفية وإستفهامية ومؤكدة (دراسة تطبيقية على شعر المتنبي)
264 3 1 _aالاسكندرية: مؤسسة شباب الجامعة، 1900
300 _a305ص
336 _atext
_btxt
_2rdacontent
337 _aunmediated
_bn
_2rdamedia
338 _avolume
_bnc
_2rdacarrier
650 4 _aاللغة العربية-قواعد اللغة العربية-شعر المتنبي
_914158
999 _aA3709
_c7277
_d7277